[Event "Olympiad"]
[Site "masterchessopen.com Khanty Mansyisk (Russia)"]
[Date "2010.09.24"]
[Round "4"]
[White "Sipila Vilka (FIN)"]
[Black "Khatanbaatar Bazar (MGL)"]
[Result "1-0"]
[WhiteElo "2231"]
[BlackElo "2392"]

1.e4 c5 2.Nf3 e6 3.d4 cxd4 4.Nxd4 Nf6 5.Nc3 d6 6.Be2 a6 7.O-O Qc7 8.Be3 b5
9.a3 Bb7 10.f3 Nbd7 11.Qe1 Be7 12.Qf2 O-O 13.g4 g6 14.h4 e5 15.Nb3 d5 16.exd5
Nxd5 17.Nxd5 Bxd5 18.Rad1 Be6 19.Rc1 Rac8 20.f4 exf4 21.Bxf4 Bd6 22.Bxd6 Qxd6
23.Rcd1 Qe7 24.Nd4 Nc5 25.Bf3 Qf6 26.Nc6 Na4 27.g5 Qxb2 28.Ne7+ Kg7 29.Nxc8
Rxc8 30.Bg4 Bxg4 31.Qxf7+ Kh8 32.Qe7 Bf5 33.Rd7 {#r} 1-0

[Event "Czech League 2010/11 (2nd) (a)"]
[Site "masterchessopen.com Czech Republic"]
[Date "2010.10.17"]
[Round "1"]
[White "Simunek Ales (CZE)"]
[Black "Marik Petr (CZE)"]
[Result "1-0"]
[WhiteElo "2202"]
[BlackElo "2156"]

1.e4 c5 2.Nf3 d6 3.d4 cxd4 4.Nxd4 Nf6 5.Nc3 a6 6.Be2 e6 7.O-O Qc7 8.a4 b6 9.f4
Nbd7 10.Bf3 Bb7 11.Qe1 g6 12.e5 Bxf3 13.Nxf3 dxe5 14.fxe5 Ng4 15.Qe4 Bc5+
16.Kh1 Ndxe5 17.Nxe5 {#r} 1-0

[Event "Czech League 2010/11 (2nd) (b)"]
[Site "masterchessopen.com Czech Republic"]
[Date "2010.10.17"]
[Round "1"]
[White "Volek Radomir (CZE)"]
[Black "Pletanek Jan (CZE)"]
[Result "1-0"]
[WhiteElo "2045"]
[BlackElo "2210"]

1.e4 c5 2.Nf3 d6 3.d4 cxd4 4.Nxd4 Nf6 5.Nc3 a6 6.Be2 e6 7.O-O Qc7 8.f4 Be7
9.Bf3 Nbd7 10.g4 O-O 11.g5 Ne8 12.Bg2 Nb6 13.Kh1 d5 14.exd5 exd5 15.f5 Bd6
16.Nxd5 Nxd5 17.Bxd5 Kh8 18.Rf3 Be5 19.Be3 Bd7 20.c4 Rd8 21.Ne6 fxe6 22.fxe6
Qd6 23.Rxf8+ Qxf8 24.exd7 Rxd7 25.Qe2 Nd6 26.Bc5 Re7 27.Rf1 Qe8 28.Qf3 h6
29.g6 {#r} 1-0

[Event "Czech League 2010/11 (2nd) (c)"]
[Site "masterchessopen.com Czech Republic"]
[Date "2010.11.21"]
[Round "3"]
[White "Stastny Jan (CZE)"]
[Black "Priehoda Vitezslav (CZE)"]
[Result "1-0"]
[WhiteElo "2249"]
[BlackElo "2385"]

1.e4 c5 2.Nf3 e6 3.d4 cxd4 4.Nxd4 a6 5.Nc3 Qc7 6.Be2 Nf6 7.O-O d6 8.f4 Be7
9.a4 O-O 10.Kh1 Nc6 11.Be3 Bd7 12.Qe1 Nxd4 13.Bxd4 Bc6 14.Qg3 g6 15.f5 e5
16.Be3 Kh8 17.Bg5 Qd8 18.Qh4 Rg8 19.Bg4 Nxg4 20.Bxe7 g5 21.Bxd8 gxh4 22.Bxh4
Kg7 23.Rf3 f6 24.Rd1 Rad8 25.Rfd3 Rd7 26.h3 Nh6 27.Rxd6 Rxd6 28.Rxd6 Rf8 29.b4
Ng8 30.b5 axb5 31.axb5 Be8 32.Rb6 Rf7 33.Nd5 {#r} 1-0

[Event "Olympiad (under 16)"]
[Site "masterchessopen.com Burdur (Turkey)"]
[Date "2010.11.29"]
[Round "4"]
[White "Roberts Marcel (RSA)"]
[Black "Tsarouha Marianthi (GRE)"]
[Result "1-0"]
[WhiteElo "1834"]
[BlackElo "1771"]

1.e4 c5 2.Nf3 e6 3.d4 cxd4 4.Nxd4 Nf6 5.Nc3 d6 6.Be2 a6 7.O-O Qc7 8.f4 Nbd7
9.Kh1 b5 10.Bf3 Bb7 11.a3 Rd8 12.Re1 Ba8 13.g4 h6 14.Qe2 Nb6 15.g5 hxg5
16.fxg5 Nfd7 17.Bh5 Ke7 18.Rf1 Ne5 19.Nf3 Nbd7 20.Nxe5 Nxe5 21.Bf4 g6 22.Bxe5
dxe5 23.Qf3 Ke8 24.Bxg6 fxg6 25.Qf6 Qh7 26.Qxe6+ Be7 27.Rf2 Qg7 28.Raf1 Qh7
29.Qxa6 Rb8 30.Qe6 Rd8 31.Qxe5 Bc6 32.Rf7 Qxf7 33.Qxh8+ {#r} 1-0

[Event "Czech League 2010/11 (2nd) (a)"]
[Site "masterchessopen.com Czech Republic"]
[Date "2010.12.05"]
[Round "4"]
[White "Balcar Martin (CZE)"]
[Black "Filipi Stepan (CZE)"]
[Result "0-1"]
[WhiteElo "2049"]
[BlackElo "2100"]

1.e4 c5 2.Nf3 e6 3.d4 cxd4 4.Nxd4 a6 5.Be2 Nf6 6.Nc3 Qc7 7.O-O d6 8.Be3 Nbd7
9.f4 b5 10.Bf3 Bb7 11.a3 Rc8 12.Qe2 Be7 13.g4 Nc5 14.Bf2 h6 15.Rad1 g5 16.f5
e5 17.Nb3 Na4 18.Nxa4 bxa4 19.Na1 h5 20.h3 hxg4 21.hxg4 d5 22.exd5 e4 {#R} 0-1

[Event "Ch Slovakia (team) 2010/11 (1 liga) West"]
[Site "masterchessopen.com Slovakia"]
[Date "2011.01.09"]
[Round "5"]
[White "Petrik Tomas (SVK)"]
[Black "Likavsky Tomas (SVK)"]
[Result "1-0"]
[WhiteElo "2522"]
[BlackElo "2486"]

1.e4 c5 2.Nf3 e6 3.d4 cxd4 4.Nxd4 a6 5.Be2 Nf6 6.Nc3 Qc7 7.O-O d6 8.f4 b5
9.Bf3 Bb7 10.e5 dxe5 11.fxe5 Nfd7 12.Kh1 Nxe5 13.Bf4 Nbd7 14.Qe2 Bxf3 15.Nxf3
f6 16.Bxe5 Nxe5 17.Nxe5 Qxe5 18.Qf3 Rc8 19.Rae1 Qd6 20.Qg4 Rc6 21.Ne4 Qc7
22.Qh5+ Qf7 23.Qf3 Qd7 24.Rd1 Qc7 25.Nxf6+ gxf6 26.Qxf6 {#r} 1-0

[Event "Czech League 2010/11 (2nd) (a)"]
[Site "masterchessopen.com Czech Republic"]
[Date "2011.01.23"]
[Round "6"]
[White "Pravdik Kamil (CZE)"]
[Black "Filipi Stepan (CZE)"]
[Result "1-0"]
[WhiteElo "2029"]
[BlackElo "2136"]

1.e4 c5 2.Nf3 e6 3.d4 cxd4 4.Nxd4 a6 5.Nc3 Qc7 6.Be2 Nf6 7.O-O d6 8.a4 b6
9.Kh1 Bb7 10.Bd3 Nbd7 11.f4 h5 12.Nf3 h4 13.Ng5 Be7 14.Qe2 Nh5 15.Nh3 Bf6
16.Ra3 Nc5 17.Be3 g6 18.Qf2 Rc8 19.Bd4 Ng3+ 20.hxg3 hxg3 21.Qe3 Bxd4 22.Qxd4
e5 23.fxe5 Qd7 24.e6 Rxh3+ 25.gxh3 Qxe6 26.Kg2 f5 27.Bc4 Qe7 28.Nd5 Qh4 29.Rf4
Qh6 30.exf5 Nd7 31.Re3+ Kd8 32.Rfe4 Bxd5 33.Qxd5 Kc7 34.Re6 Qf4 35.Rf3 {#r}
1-0

[Event "It (open) \"]
[Site "masterchessopen.com Caleta (England)"]
[Date "2011.01.30"]
[Round "2"]
[White "Tari Aryan (NOR)"]
[Black "Goodfellow Russell Robert (ENG)"]
[Result "1-0"]
[WhiteElo "2224"]
[BlackElo "1751"]

1.e4 c5 2.Nf3 e6 3.d4 cxd4 4.Nxd4 Nf6 5.Nc3 d6 6.Be2 a6 7.O-O Qc7 8.f4 Nbd7
9.Bf3 Nb6 10.a4 Nc4 11.Qd3 e5 12.Nf5 g6 13.Ne3 Nxe3 14.Bxe3 Be6 15.Be2 Bg7
16.Rfd1 Rd8 17.a5 Rd7 18.f5 gxf5 19.exf5 {#r} 1-0

[Event "It (open) \"]
[Site "masterchessopen.com Caleta (England)"]
[Date "2011.01.30"]
[Round "6"]
[White "Cebada Benitez Fernando (ESP)"]
[Black "Zygouris Hristos (GRE)"]
[Result "0-1"]
[WhiteElo "1988"]
[BlackElo "2194"]

1.e4 c5 2.Nf3 e6 3.d4 cxd4 4.Nxd4 a6 5.Be2 Nf6 6.Nc3 Qc7 7.O-O d6 8.Kh1 Be7
9.f4 Nc6 10.g4 h6 11.Nxc6 bxc6 12.Bf3 e5 13.g5 hxg5 14.fxg5 Nd7 15.Be3 Nb6
16.b3 Be6 17.a4 a5 18.Bg4 Bxg4 19.Qxg4 g6 20.Rf3 Qd7 21.Qg3 Bd8 22.Raf1 Rh7
23.Nd1 Qe6 24.Bxb6 Bxb6 25.Nf2 Bd8 26.Ng4 Bxg5 27.Nf6+ Bxf6 28.Rxf6 Qe7
29.Rxg6 fxg6 30.Qxg6+ Kd7 {#R} 0-1

[Event "It (open) (w)"]
[Site "masterchessopen.com Moscow (Russia)"]
[Date "2011.02.02"]
[Round "5"]
[White "Uskova Anna (RUS)"]
[Black "Sazonova Anastasia (RUS)"]
[Result "1-0"]
[WhiteElo "1789"]
[BlackElo "1963"]

1.e4 c5 2.Nf3 d6 3.d4 cxd4 4.Nxd4 Nf6 5.Nc3 a6 6.Be2 e6 7.O-O Qc7 8.f4 Nbd7
9.Be3 b5 10.a3 Bb7 11.Bf3 Rc8 12.Qe1 Nb6 13.Rd1 Nc4 14.Bc1 Be7 15.Kh1 O-O
16.g4 Rfd8 17.Rg1 Nxa3 18.g5 Ne8 19.Rg3 b4 20.Rh3 Nxc2 21.Qh4 h6 22.Nxc2 bxc3
23.bxc3 f5 24.Ne3 Bxe4 25.Bxe4 fxe4 26.Bb2 Qc5 27.Qg4 Bxg5 28.Qxe6+ Kh8
29.fxg5 Qxg5 30.c4 Kh7 31.Rg1 Qf4 32.Qg6+ Kg8 33.Bxg7 Qf7 34.Qxh6 {#r} 1-0

[Event "Ch Czech Republic (juniors) (under 14)"]
[Site "masterchessopen.com Kouty nad Desnou (Czech Republic)"]
[Date "2011.03.19"]
[Round "9"]
[White "Svoboda Matej"]
[Black "Navratil Jiri (CZE)"]
[Result "1-0"]
[WhiteElo "1883"]
[BlackElo "2034"]

1.e4 c5 2.Nf3 d6 3.d4 cxd4 4.Nxd4 Nf6 5.Nc3 a6 6.Be2 e6 7.O-O Qc7 8.f4 b5
9.Bf3 b4 10.e5 d5 11.Nce2 Ne4 12.Be3 Bb7 13.f5 exf5 14.Nxf5 Qxe5 15.Bxe4 dxe4
16.Bd4 Qd5 17.c4 Qc6 18.Bxg7 Rg8 19.Bxf8 e3 20.Qd5 Rxg2+ 21.Kh1 Qxd5 22.cxd5
Rxe2 23.Nd6+ Kxf8 24.Rxf7+ Kg8 25.Rg1+ {#r} 1-0

[Event "Extraliga 2010/11 (juniors)"]
[Site "masterchessopen.com Czech Republic"]
[Date "2011.04.17"]
[Round "11"]
[White "Phamova Mai"]
[Black "Flasar Jaroslav"]
[Result "0-1"]
[WhiteElo "1900"]
[BlackElo "1853"]

1.e4 c5 2.Nf3 e6 3.d4 cxd4 4.Nxd4 a6 5.Be2 Qc7 6.O-O Nf6 7.Nc3 d6 8.Kh1 b5
9.Bf3 Bb7 10.Re1 Nbd7 11.Re3 Ne5 12.b3 Nxf3 13.gxf3 Qc5 14.Bb2 Be7 15.Nce2 O-O
16.Qg1 Rfc8 17.Nf4 Qb6 18.Nh3 Ne8 19.Qg4 Bf6 20.Rd1 Qd8 21.Rg1 g6 22.f4 Rc5
23.Ng5 Bxg5 24.fxg5 e5 25.Ne2 Rxc2 26.Bc1 Ng7 27.Rh3 Bc8 28.Qf3 Bxh3 29.Qd3
Rac8 30.Qxh3 Rxe2 31.Be3 Nh5 32.Bb6 Nf4 33.Qg4 Qe8 34.Be3 Rcc2 {#R} 0-1

[Event "It (open)"]
[Site "masterchessopen.com Lenk (Switzerland)"]
[Date "2011.04.25"]
[Round "7"]
[White "Mauron Pierre (SUI)"]
[Black "Eschle Hubert (GER)"]
[Result "1-0"]
[WhiteElo "2111"]
[BlackElo "1945"]

1.e4 c5 2.Nf3 e6 3.d4 cxd4 4.Nxd4 Nf6 5.Nc3 d6 6.Be2 a6 7.O-O Qc7 8.Kh1 b5
9.f4 Bb7 10.e5 Ne4 11.Bf3 Nxc3 12.bxc3 d5 13.f5 Bc8 14.fxe6 Bxe6 15.Nxe6 fxe6
16.Bg4 Qd7 17.Qf3 Nc6 18.Qh3 {#r} 1-0

[Event "It (open) (b)"]
[Site "masterchessopen.com Warsaw (Poland)"]
[Date "2011.05.11"]
[Round "5"]
[White "Wrabel Antoni (POL)"]
[Black "Woloszyn Piotr (POL)"]
[Result "0-1"]
[WhiteElo "1717"]
[BlackElo "1696"]

1.e4 e6 2.d4 c5 3.Nf3 cxd4 4.Nxd4 a6 5.Be2 d6 6.O-O Nf6 7.Nc3 Qc7 8.Be3 Be7
9.Rc1 Nbd7 10.f4 b5 11.Bf3 Bb7 12.a3 O-O 13.Nde2 Rad8 14.Ng3 Nb6 15.Bxb6 Qxb6+
16.Kh1 d5 17.exd5 Nxd5 18.Nxd5 Bxd5 19.Bxd5 Rxd5 20.Qf3 g6 21.Ne4 Rfd8 22.Nc3
Rd2 23.Ne4 R2d4 24.Nf2 h5 25.Nd3 Bf6 26.Nf2 Bg7 27.g3 Qc7 28.Nd3 Rc4 29.c3 Qc6
30.Kg2 Rxd3 {#R} 0-1

[Event "Zt"]
[Site "masterchessopen.com Asuncion (Paraguay)"]
[Date "2011.05.19"]
[Round "4"]
[White "Jimenez Joaquin (ARG)"]
[Black "Bachmann Axel (PAR)"]
[Result "0-1"]
[WhiteElo "2212"]
[BlackElo "2550"]

1.e4 c5 2.Nf3 e6 3.d4 cxd4 4.Nxd4 a6 5.Nc3 Qc7 6.Be2 Nf6 7.O-O d6 8.a4 Nc6
9.Be3 Be7 10.Nb3 b6 11.f4 O-O 12.Bf3 Bb7 13.Qe1 Nd7 14.Qf2 Bf6 15.Rfd1 Rfd8
16.Rd2 Rac8 17.Rad1 Bxc3 18.bxc3 Nc5 19.Nxc5 dxc5 20.e5 Rxd2 21.Rxd2 Na5
22.Bxb7 Nxb7 23.Qe2 Ra8 24.Qd3 Qc6 25.Qd7 Qe4 26.Kf2 h5 27.Qc7 Na5 28.Rd8+
Rxd8 29.Qxd8+ Kh7 30.Qxb6 Qxe3+ 31.Kxe3 Nc4+ 32.Kd3 Nxb6 33.a5 Nd7 {#R} 0-1

[Event "It (cat.12)"]
[Site "masterchessopen.com Bahia Feliz (Spain)"]
[Date "2011.05.20"]
[Round "8"]
[White "Vega Gutierrez Sabrina (ESP)"]
[Black "Bromberger Stefan (GER)"]
[Result "0-1"]
[WhiteElo "2327"]
[BlackElo "2511"]

1.e4 c5 2.Nf3 d6 3.d4 cxd4 4.Nxd4 Nf6 5.Nc3 e6 6.Be2 a6 7.O-O Qc7 8.f4 Be7
9.Be3 O-O 10.g4 b5 11.g5 Nfd7 12.Bd3 b4 13.Nce2 Nc5 14.Ng3 Nc6 15.f5 Nxd4
16.Bxd4 Bxg5 17.Bxg7 Kxg7 18.Qg4 f6 19.h4 Kh8 20.hxg5 Rg8 21.g6 exf5 22.Qh4
Rxg6 23.exf5 Rg5 24.Rae1 Bb7 25.Kh2 Rag8 26.Rg1 Nxd3 27.cxd3 Qc2+ 28.Kh3 Qf2
{#R} 0-1

[Event "Tournament (open)"]
[Site "masterchessopen.com Kimry (Russia)"]
[Date "2011.06.08"]
[Round "1"]
[White "Sadovaya Anastasia (RUS)"]
[Black "Krylov Vladimir (RUS)"]
[Result "0-1"]
[WhiteElo "1480"]
[BlackElo "1862"]

1.e4 c5 2.Nf3 d6 3.d4 cxd4 4.Nxd4 Nf6 5.Nc3 a6 6.Be2 e6 7.O-O Qc7 8.f4 Nbd7
9.Bf3 Rb8 10.Be3 b5 11.a3 Bb7 12.Re1 Be7 13.Bf2 O-O 14.Bg3 Nb6 15.e5 Nfd5
16.Nxd5 Bxd5 17.exd6 Bxd6 18.Bxd5 Nxd5 19.Ne2 Nxf4 20.Bxf4 Bxf4 21.Nxf4 Qxf4
22.Rf1 Qe3+ 23.Kh1 Rbd8 24.Qc1 Rd2 25.Rd1 Rfd8 26.Rxd2 Rxd2 27.c4 Qf2 28.Qf1
bxc4 29.Qxf2 Rxf2 30.Rd1 Kf8 31.Rb1 Ke7 32.Kg1 Rd2 33.b3 c3 34.Kf1 c2 35.Rc1
Rd1+ {#R} 0-1

[Event "Ch Colombia (1/2 final)"]
[Site "masterchessopen.com Santa Rosa de Cabal (Colombia)"]
[Date "2011.06.25"]
[Round "7"]
[White "Martinez Cristian (COL)"]
[Black "Sanchez Maya Simon (COL)"]
[Result "1-0"]
[WhiteElo "2234"]
[BlackElo "2205"]

1.e4 c5 2.Nf3 d6 3.d4 cxd4 4.Nxd4 Nf6 5.Nc3 a6 6.Be2 e6 7.O-O Qc7 8.Kh1 b5
9.f4 b4 10.e5 bxc3 11.exf6 Nd7 12.fxg7 Bxg7 13.Bf3 Rb8 14.b3 O-O 15.Be3 Nc5
16.Qe1 e5 17.fxe5 dxe5 18.Nc6 e4 19.Nxb8 exf3 20.Rxf3 Ne6 21.Qh4 Qxb8 22.Rh3
Rd8 23.Qxh7+ Kf8 24.Bh6 Qe5 25.Re3 Qf6 26.Qh8+ Ke7 27.Qxg7 {#r} 1-0

[Event "Cup Dvorkovich (juniors) (team)"]
[Site "masterchessopen.com Moscow (Russia)"]
[Date "2011.07.02"]
[Round "12"]
[White "Fataliyeva Ulviyya (AZE)"]
[Black "Paramzina Anastasya (RUS)"]
[Result "1-0"]
[WhiteElo "2136"]
[BlackElo "1908"]

1.e4 c5 2.Nf3 d6 3.d4 cxd4 4.Nxd4 Nf6 5.Nc3 a6 6.Be2 e6 7.O-O Qc7 8.f4 b5 9.a3
Bb7 10.Bf3 Nbd7 11.Qe1 Be7 12.Be3 O-O 13.Qg3 Nc5 14.e5 Nce4 15.Nxe4 Nxe4
16.Bxe4 Bxe4 17.f5 Bxf5 18.Rxf5 exf5 19.Nxf5 g6 20.exd6 Bxd6 21.Nxd6 Rfd8
22.Bf4 Qc5+ 23.Kh1 Qxc2 24.Be5 Rac8 25.h3 Rc5 26.Qh4 Rxe5 27.Qxd8+ Kg7 28.Ne8+
Kg8 29.Nf6+ Kg7 30.Nd7 Rd5 31.Qf8# 1-0

[Event "It (open)"]
[Site "masterchessopen.com Pardubice (Czech Republic)"]
[Date "2011.07.25"]
[Round "4"]
[White "Linster Philippe (LUX)"]
[Black "Denisov Ivan (RUS)"]
[Result "1-0"]
[WhiteElo "2192"]
[BlackElo "2357"]

1.e4 c5 2.Nf3 d6 3.d4 cxd4 4.Nxd4 Nf6 5.Nc3 a6 6.Be2 e6 7.O-O Qc7 8.f4 Nc6
9.Be3 Bd7 10.Kh1 Be7 11.Qe1 O-O 12.Qg3 b5 13.a3 Nxd4 14.Bxd4 Bc6 15.Rae1 Rad8
16.Bd3 Qb7 17.Qh3 h6 18.Re3 Rfe8 19.Rg3 Kh8 20.e5 dxe5 21.fxe5 Rxd4 22.exf6
Bf8 23.fxg7+ Bxg7 24.Rf6 Bxg2+ 25.Rxg2 Kg8 26.Qg3 {#r} 1-0

[Event "It (open)"]
[Site "masterchessopen.com Milan (Italy)"]
[Date "2011.07.29"]
[Round "1"]
[White "Papale Carmelo (ITA)"]
[Black "Gongalov Bojan"]
[Result "0-1"]
[WhiteElo "1873"]
[BlackElo "2045"]

1.e4 c5 2.Nf3 e6 3.d4 cxd4 4.Nxd4 a6 5.Be2 Nf6 6.Nc3 Qc7 7.O-O d6 8.Be3 b5
9.a3 Bb7 10.Bf3 Nbd7 11.g3 Ne5 12.Bg2 Nc4 13.Bc1 Rc8 14.Qd3 Ng4 15.f4 e5
16.fxe5 dxe5 17.Nf5 Qb6+ 18.Kh1 Nf2+ 19.Rxf2 Qxf2 20.Bg5 Nxb2 21.Nd6+ Bxd6
22.Qxd6 Qc5 {#R} 0-1

[Event "Memorial V.Dvorkovich (open)"]
[Site "masterchessopen.com Taganrog (Russia)"]
[Date "2011.08.07"]
[Round "7"]
[White "Petrova Olga (RUS)"]
[Black "Chiniony Yuri (RUS)"]
[Result "1-0"]
[WhiteElo "2256"]
[BlackElo "2174"]

1.e4 c5 2.Nf3 d6 3.d4 cxd4 4.Nxd4 Nf6 5.Nc3 a6 6.Be2 e6 7.O-O Qc7 8.Be3 Be7
9.f4 O-O 10.Qe1 b5 11.Bf3 e5 12.Nf5 Re8 13.Qg3 Bf8 14.fxe5 Rxe5 15.Bd4 Nc6
16.Bxe5 Nxe5 17.Be2 Kh8 18.a3 Bb7 19.Qf4 Re8 20.Bd3 Ng6 21.Qf3 Ne5 22.Qg3 g6
23.Qh4 Re6 24.Nd4 Qc5 25.Ne2 g5 26.Qf2 Nfg4 27.Nxe6 Qxf2+ 28.Rxf2 Be7 29.N6d4
{#r} 1-0

[Event "It \"]
[Site "masterchessopen.com Sunningdale (England)"]
[Date "2011.08.13"]
[Round "6"]
[White "Hegarty Sarah (ENG)"]
[Black "Burrows Martin (ENG)"]
[Result "0-1"]
[WhiteElo "2051"]
[BlackElo "2177"]

1.e4 c5 2.Nf3 e6 3.d4 cxd4 4.Nxd4 a6 5.Nc3 Qc7 6.Be2 Nf6 7.O-O d6 8.a4 b6
9.Be3 Bb7 10.Qd3 Nbd7 11.f3 Be7 12.Nd1 d5 13.exd5 Nxd5 14.Kh1 Bd6 15.g3 Ne5
16.Qb3 O-O 17.Bg1 Rac8 18.c3 Rfd8 19.Ne3 Nxe3 20.Bxe3 Bd5 21.Qc2 Nc4 22.Bg1
Bb7 23.Bd3 g6 24.Qe2 e5 25.Nb3 b5 26.axb5 axb5 27.Ra7 Ra8 28.Rfa1 Rxa7 29.Rxa7
Ra8 30.Rxa8+ Bxa8 31.Bxc4 Qxc4 {#R} 0-1

[Event "Ch Spain (team) (2 div) (gr.1)"]
[Site "masterchessopen.com Padrun (Spain)"]
[Date "2011.08.14"]
[Round "6"]
[White "Varas Carlos (CHI)"]
[Black "Casares Cabanas Carlos (ESP)"]
[Result "1-0"]
[WhiteElo "2259"]
[BlackElo "2182"]

1.e4 c5 2.Nf3 d6 3.d4 cxd4 4.Nxd4 Nf6 5.Nc3 a6 6.Be2 e6 7.O-O Qc7 8.a4 Nc6
9.Kh1 Be7 10.f4 O-O 11.Be3 Re8 12.Nb3 b6 13.Bf3 Bb7 14.Qe2 Bf8 15.Rae1 Nd7
16.g4 Nc5 17.Bg2 g6 18.Rf3 Bg7 19.Rh3 Nb4 20.g5 f5 21.exf5 gxf5 22.Rg1 Qf7
23.Bxb7 Qxb7+ 24.Rg2 Qf7 25.g6 hxg6 26.Rhg3 Kh7 27.Nd2 Bf6 28.Nf3 Kg7 29.Bd4
Bxd4 30.Nxd4 Rg8 31.Qh5 Kf8 32.Rxg6 Ke7 33.Qg5+ {#r} 1-0

[Event "Cup Governor's (open)"]
[Site "masterchessopen.com Khanty Mansyisk (Russia)"]
[Date "2011.09.03"]
[Round "4"]
[White "Tsydypov Zhamsaran (RUS)"]
[Black "Zemerov Evgeny"]
[Result "1-0"]
[WhiteElo "2247"]
[BlackElo "2044"]

1.e4 c5 2.Nf3 d6 3.d4 cxd4 4.Nxd4 Nf6 5.Nc3 a6 6.Be2 e6 7.O-O Qc7 8.a4 b6
9.Bg5 Nbd7 10.Re1 Be7 11.f4 h6 12.Bh4 Nxe4 13.Nxe6 fxe6 14.Bh5+ Kf8 15.Bxe7+
Kxe7 16.Nxe4 Nf6 17.Nxf6 gxf6 18.Qg4 Kf8 19.Qg6 Qe7 20.Rad1 Bd7 21.Rxd6 Be8
22.Qd3 Bxh5 23.Rexe6 {#r} 1-0

[Event "Tournament (Elo)"]
[Site "masterchessopen.com Campinas (Brazil)"]
[Date "2011.09.06"]
[Round "11"]
[White "Santos Junior Luiz Sergio"]
[Black "Martinez Carlos Alejandro (BRA)"]
[Result "0-1"]
[WhiteElo "1680"]
[BlackElo "2501"]

1.e4 c5 2.Nf3 e6 3.d4 cxd4 4.Nxd4 a6 5.Nc3 Qc7 6.Be2 Nf6 7.O-O d6 8.f4 Nbd7
9.Nf3 b5 10.e5 dxe5 11.fxe5 Nxe5 12.Nxe5 Qxe5 13.Bf4 Qc5+ 14.Kh1 Bb7 15.Bf3
Bxf3 16.Qxf3 Rc8 17.Rad1 Be7 18.Qb7 Qc6 19.Qxc6+ Rxc6 20.Rd2 O-O 21.Rfd1 Bb4
22.Rd3 Bxc3 23.Rxc3 Rxc3 24.bxc3 Nd5 25.Be5 Rc8 26.Rd3 f6 {#R} 0-1

[Event "Extra League 2011/12 (juniors)"]
[Site "masterchessopen.com Czech Republic"]
[Date "2011.10.16"]
[Round "3"]
[White "Pagerka Martin (SVK)"]
[Black "Stodola Marek"]
[Result "1-0"]
[WhiteElo "2200"]
[BlackElo "1874"]

1.e4 c5 2.Nf3 d6 3.d4 cxd4 4.Nxd4 Nf6 5.Nc3 e6 6.Be2 a6 7.O-O Qc7 8.a4 b6 9.f4
Bb7 10.Bf3 Nc6 11.Kh1 Be7 12.Nb3 O-O 13.Qe2 Nb4 14.f5 e5 15.Bg5 Rfe8 16.Rfd1
Rad8 17.Rac1 d5 18.Bxf6 Bxf6 19.exd5 e4 20.Nxe4 Bxb2 21.Rb1 Bc3 22.d6 Qd7
23.Qe3 Qxf5 24.Qxc3 Bxe4 25.d7 Rf8 26.Bxe4 Qxe4 27.Nd2 Qxc2 28.Qxb4 Rxd7
29.Rbc1 Qd3 30.Nf1 {#r} 1-0

[Event "Ch Hungary (team) 2011/12"]
[Site "masterchessopen.com Hungary"]
[Date "2011.11.13"]
[Round "3"]
[White "Gara Ticia (HUN)"]
[Black "Taskovits Istvan (HUN)"]
[Result "1-0"]
[WhiteElo "2375"]
[BlackElo "2303"]

1.e4 c5 2.Nf3 e6 3.d4 cxd4 4.Nxd4 Nf6 5.Nc3 d6 6.Be2 a6 7.O-O Qc7 8.f4 Be7
9.Be3 Nc6 10.Qe1 O-O 11.Qg3 Bd7 12.Kh1 b5 13.a3 Rac8 14.Bd3 g6 15.Nxc6 Bxc6
16.f5 exf5 17.exf5 d5 18.Bf4 Qb7 19.fxg6 Nh5 20.gxf7+ Kxf7 21.Bd6+ Nf6 22.Bxe7
Qxe7 23.Rae1 {#r} 1-0

[Event "It (open)"]
[Site "masterchessopen.com Pavlodar (Kazakhstan)"]
[Date "2011.12.03"]
[Round "4"]
[White "Aligozhin Zhaslan (KAZ)"]
[Black "Batyrbekova Aiger (KAZ)"]
[Result "1-0"]
[WhiteElo "2341"]
[BlackElo "2108"]

1.e4 c5 2.Nf3 d6 3.d4 cxd4 4.Nxd4 Nf6 5.Nc3 a6 6.Be2 Qc7 7.O-O e6 8.a4 b6 9.f4
Nbd7 10.Bf3 Bb7 11.Qe2 Be7 12.Kh1 O-O 13.e5 Bxf3 14.Nxf3 Ng4 15.exd6 Bxd6
16.Ng5 Ndf6 17.Bd2 Nh6 18.Rad1 g6 19.Nce4 Be7 20.Bc3 Ne8 21.Rd3 Nf5 22.Nxh7
Kxh7 23.Rh3+ Nh4 24.Ng5+ Kg8 25.Rxh4 Bf6 26.Qf3 Bxc3 27.bxc3 Nf6 28.Qh3 Kg7
29.Nh7 Rfd8 30.Nxf6 Kxf6 31.Rh7 Ke7 32.Rxf7+ {#r} 1-0

[Event "It (open)"]
[Site "masterchessopen.com Bogota (Colombia)"]
[Date "2011.12.08"]
[Round "5"]
[White "Corredor Luis Fernando (COL)"]
[Black "Corradine Jorge (COL)"]
[Result "0-1"]
[WhiteElo "1897"]
[BlackElo "2162"]

1.e4 c5 2.Nf3 e6 3.d4 cxd4 4.Nxd4 a6 5.Nc3 Qc7 6.Be2 Nf6 7.O-O d6 8.f4 Nbd7
9.a4 b6 10.Bf3 Bb7 11.Qe2 h5 12.Kh1 Be7 13.e5 dxe5 14.fxe5 Ng4 15.Bxg4 hxg4
16.Bf4 Bc5 17.Nf5 O-O-O 18.Nd6+ Bxd6 19.exd6 Qc6 20.Qxg4 g5 21.Be3 Qxd6 22.Bg1
Rh4 23.Qxg5 Rdh8 24.Qxh4 Rxh4 {#R} 0-1

[Event "It (open) \"]
[Site "masterchessopen.com Caleta (England)"]
[Date "2012.01.27"]
[Round "4"]
[White "Baron Tal (ISR)"]
[Black "Osuna Vega Enrique (ESP)"]
[Result "1-0"]
[WhiteElo "2498"]
[BlackElo "2122"]

1.e4 c5 2.Nf3 e6 3.d4 cxd4 4.Nxd4 a6 5.Nc3 Qc7 6.Be2 Nf6 7.O-O d6 8.f4 Be7
9.Kh1 b5 10.Bf3 Bb7 11.e5 dxe5 12.fxe5 Nfd7 13.Bxb7 Qxb7 14.Qg4 Nc6 15.Nxc6
Qxc6 16.a4 b4 17.Ne4 h5 18.Qf4 O-O-O 19.Nd6+ Bxd6 20.exd6 h4 21.h3 g5 22.Qxb4
Ne5 23.Ra3 Kd7 24.Rc3 Rb8 25.Qd4 {#r} 1-0

[Event "Ch Colombia (juniors) (under 20) (active)"]
[Site "masterchessopen.com Bogota (Colombia)"]
[Date "2012.02.16"]
[Round "4"]
[White "Dominguez Oscar (COL)"]
[Black "Barros Raul Junior (COL)"]
[Result "0-1"]
[WhiteElo "2065"]
[BlackElo "2201"]

1.e4 c5 2.Nf3 e6 3.d4 cxd4 4.Nxd4 a6 5.Nc3 Qc7 6.Be2 Nf6 7.O-O d6 8.Be3 b5
9.a3 Bb7 10.Bd3 Nbd7 11.f4 Nc5 12.Qf3 d5 13.e5 Nfe4 14.f5 Qxe5 15.fxe6 f6
16.Nce2 Nxe6 17.Qg4 Nxd4 18.Bxd4 Bc5 19.Bxc5 Nxc5 20.Qxg7 O-O-O 21.Rxf6 Nxd3
22.cxd3 Qxe2 23.Rf7 Qe3+ 24.Kh1 Qb6 25.Rc1+ Kb8 26.Rcc7 Bc8 27.Ra7 Rhe8
28.Qg3+ Qd6 29.Qf2 Bd7 30.h3 d4 31.Rxh7 Kxa7 {#R} 0-1

[Event "Ch SibFO (open)"]
[Site "masterchessopen.com Prokopevsk (Russia)"]
[Round "1"]
[White "Sitnikov Dmitrij (RUS)"]
[Black "Kravchenko Konstantin (UZB)"]
[Result "1-0"]
[WhiteElo "2500"]
[BlackElo "2078"]

1.e4 c5 2.Nf3 d6 3.d4 cxd4 4.Nxd4 Nf6 5.Nc3 a6 6.Be2 e6 7.O-O Qc7 8.a4 b6 9.f4
Bb7 10.Bf3 Nbd7 11.Kh1 Be7 12.Qe2 O-O 13.e5 Ne8 14.Bxb7 Qxb7 15.Bd2 dxe5
16.fxe5 Bb4 17.Rae1 Bxc3 18.Bxc3 Nc7 19.Qh5 f5 20.exf6 Nxf6 21.Qe5 Ne4 22.Nf5
Rf6 23.Nh6+ Kh8 24.Rxf6 Nxf6 25.Qxf6 Nd5 26.Qxe6 Rf8 27.Nf7+ Kg8 28.Nd6+ Qf7
29.Nxf7 Rxf7 30.Qxd5 {#r} 1-0